[Event "Challenge"]
[Site "http://www.queenalice.com/game.php?id=186862"]
[Date "2007.3.24"]
[Round "-"]
[White "knightsdefence"]
[Black "Jaspode"]
[Result "1-0"]
[WhiteElo "1367"]
[BlackElo "1385"]

1. f4 e6 2. d4 d5 3. Nf3 Nc6 4. e3 Nf6 5. Nc3 a6 6. a3 h6 7. Ne2 Be7 8. c3 Ne4
9. Nd2 Bd6 10. Nxe4 dxe4 11. g3 Bd7 12. Ng1 O-O 13. Bg2 f5 14. Nh3 Be7 15. Nf2
g6 16. Bd2 g5 17. b4 b5 18. Qc2 Kf7 19. Qb2 a5 20. Nd1 a4 21. Nf2 g4 22. Bf1 Na7
23. Be2 Nc6 24. Bxb5 Na7 25. Bxd7 Qxd7 26. Qc2 h5 27. Nd1 h4 28. Nb2 Rh8 29.
Qxa4 Qxa4 30. Nxa4 hxg3 31. O-O-O g2 32. Rhg1 Rxh2 33. c4 Bh4 34. Be1 g3 35. Bc3
Nc6 36. Nb2 Rxa3 37. Kc2 Be7 38. b5 Na5 39. Bxa5 Rxa5 40. Rde1 Ra2 41. Kb3 Ra3+
42. Kc2 Bb4 43. Rb1 Rc3+ 44. Kd2 Rxc4+ 45. Kd1 Rh1 46. Ke2 1-0

[Event "Challenge"]
[Site "http://www.queenalice.com/game.php?id=186863"]
[Date "2007.3.24"]
[Round "-"]
[White "knightsdefence"]
[Black "Jaspode"]
[Result "0-1"]
[WhiteElo "1339"]
[BlackElo "1370"]

1. f4 Nc6 2. d4 d5 3. e3 Nf6 4. Nf3 Bg4 5. h3 Bh5 6. g4 Bxg4 7. hxg4 Nxg4 8. Bh3
f5 9. Bxg4 fxg4 10. Nfd2 h5 11. Nf1 e6 12. Nbd2 g5 13. fxg5 Qxg5 14. c3 g3 15.
Nxg3 Qxg3+ 16. Ke2 h4 17. Qg1 Qxg1 18. Rxg1 O-O-O 19. Nb3 h3 20. Rh1 e5 21. Bd2
exd4 22. exd4 h2 23. Bf4 Bd6 24. Bxd6 Rxd6 25. Rag1 Re6+ 26. Kd2 hxg1=Q 27. Rxg1
Rh2+ 28. Kc1 Ree2 29. Nc5 Rc2+ 30. Kb1 Rxb2+ 31. Ka1 Rxa2+ 32. Kb1 Rhb2+ 33. Kc1
Rc2+ 34. Kd1 Rxc3 35. Rg8+ Nd8 36. Ne6 Rd3+ 37. Ke1 Re3+ 0-1

[Event "Challenge"]
[Site "http://www.queenalice.com/game.php?id=189718"]
[Date "2007.3.30"]
[Round "-"]
[White "gamnascimento"]
[Black "Jaspode"]
[Result "0-1"]
[WhiteElo "1236"]
[BlackElo "1359"]

1. e4 Nc6 2. Be2 e5 3. Nf3 d5 4. exd5 Qxd5 5. Nc3 Qc5 6. O-O Be6 7. a3 a5 8. d3
Rd8 9. b4 axb4 10. axb4 Qxb4 11. Ba3 Qxc3 12. Qc1 h6 13. d4 exd4 14. Qb1 Bxa3
15. Qxb7 Nb4 16. Bb5+ Bd7 17. Bxd7+ Rxd7 18. Qe4+ Ne7 19. Qa8+ Rd8 20. Qxa3 Qxa3
21. Rxa3 Nxc2 22. g4 Nxa3 23. Nxd4 Rxd4 24. Ra1 Rxg4+ 25. Kh1 Ra4 26. f3 O-O 27.
Rf1 Nc2 0-1

[Event "Challenge"]
[Site "http://www.queenalice.com/game.php?id=189719"]
[Date "2007.3.30"]
[Round "-"]
[White "gamnascimento"]
[Black "Jaspode"]
[Result "0-1"]
[WhiteElo "1248"]
[BlackElo "1347"]

1. g3 d5 2. Bg2 e6 3. Nf3 Bd6 4. O-O Nf6 5. a3 O-O 6. b4 Nc6 7. b5 Ne5 8. a4 b6
9. c4 dxc4 10. Nxe5 Bxe5 11. Nc3 a6 12. Ba3 Bd6 13. Bxa8 Bxa3 14. Rxa3 axb5 15.
axb5 Qd6 16. Ra7 Nd5 17. Ne4 Qb4 18. Qa4 Qb2 19. g4 Nf4 20. Ng3 Qxd2 21. Qxc4 e5
22. Bf3 c5 23. Ne4 Qd8 24. g5 Nh3+ 25. Kh1 Nxg5 26. e3 Nxf3 27. Ra8 Qh4 0-1

[Event "AUTO-OPEN-804"]
[Site "http://www.queenalice.com/game.php?id=261594"]
[Date "2007.8.26"]
[Round "1"]
[White "dante72"]
[Black "Jaspode"]
[Result "1-0"]
[WhiteElo "1869"]
[BlackElo "1377"]

1. d4 Nf6 2. Nc3 e6 3. a3 d5 4. Bg5 Be7 5. e3 Ne4 6. Bxe7 Qxe7 7. Nxe4 dxe4 8.
c4 O-O 9. b4 c6 10. Ne2 f5 11. Nf4 e5 12. dxe5 Qxe5 13. g3 1-0

[Event "AUTO-OPEN-804"]
[Site "http://www.queenalice.com/game.php?id=261595"]
[Date "2007.8.26"]
[Round "1"]
[White "Jaspode"]
[Black "dante72"]
[Result "0-1"]
[WhiteElo "1379"]
[BlackElo "1867"]

1. e4 e5 2. d3 h6 3. f4 d6 4. f5 f6 5. Qh5+ Kd7 6. Qf7+ Qe7 7. Qg6 Qe8 8. Qg3 b6
9. Be3 Bb7 10. Nf3 Nc6 11. Be2 Rd8 12. a3 Kc8 0-1

[Event "AUTO-OPEN-944"]
[Site "http://www.queenalice.com/game.php?id=324522"]
[Date "2007.12.23"]
[Round "1"]
[White "caraumar"]
[Black "Jaspode"]
[Result "1-0"]
[WhiteElo "1727"]
[BlackElo "1373"]

1. d4 d5 2. e3 a6 3. a3 e6 4. c4 c6 5. c5 b6 6. b4 bxc5 7. bxc5 Qe7 8. Nf3 h6 9.
Qa4 Bd7 10. Ne5 f6 11. Ng6 Qd8 12. Nxh8 e5 13. Be2 Ne7 14. Bh5+ 1-0

[Event "AUTO-OPEN-944"]
[Site "http://www.queenalice.com/game.php?id=324523"]
[Date "2007.12.23"]
[Round "1"]
[White "Jaspode"]
[Black "caraumar"]
[Result "0-1"]
[WhiteElo "1375"]
[BlackElo "1725"]

1. e4 e6 2. d4 d5 3. e5 a6 4. c3 c5 5. Nf3 c4 6. Bg5 Be7 7. Bxe7 Nxe7 8. g3 O-O
9. Bg2 Qb6 10. b3 Nbc6 11. O-O Qd8 12. bxc4 dxc4 13. Nbd2 b5 0-1

[Event "AUTO-OPEN-944"]
[Site "http://www.queenalice.com/game.php?id=324546"]
[Date "2007.12.23"]
[Round "1"]
[White "Capivara"]
[Black "Jaspode"]
[Result "1-0"]
[WhiteElo "2049"]
[BlackElo "1377"]

1. d4 d5 2. Nf3 Nc6 3. Bf4 e6 4. Nbd2 h6 5. e3 a6 6. c4 Bb4 7. a3 Bxd2+ 8. Qxd2
Nf6 9. Rc1 O-O 10. c5 b6 11. cxb6 Bb7 12. bxc7 1-0

[Event "AUTO-OPEN-944"]
[Site "http://www.queenalice.com/game.php?id=324547"]
[Date "2007.12.23"]
[Round "1"]
[White "Jaspode"]
[Black "Capivara"]
[Result "0-1"]
[WhiteElo "1379"]
[BlackElo "2047"]

1. e4 e5 2. Nf3 Nc6 3. Bb5 a6 4. Bxc6 dxc6 5. Nxe5 Qd4 6. Nxf7 Qxe4+ 7. Qe2
Qxe2+ 8. Kxe2 Kxf7 9. Re1 Bf5 10. d3 Re8+ 11. Kf1 Rxe1+ 0-1